000
00247 a2200085 4500
100
1
_a
Kapcinskij, L.M..
_e
Autor
245
0
_a
Televizionnye antenny /
_c
Kapcinskij L.M..
710
2
_a
Energija.
_e
Wydawca
_4
pbl
260
_a
Moskva :
_b
Energija,
_c
1970.
300
_a
111 s.;
_c
24 cm.
999
_c
7332
_d
7332